Evaluation of certain food additives

Đã lưu trong:
书目详细资料
格式: 图书
语言:Undetermined
出版: Geneva World Health Organzation 1980
主题:
标签: 添加标签
没有标签, 成为第一个标记此记录!
Thư viện lưu trữ: Trung tâm Học liệu Trường Đại học Cần Thơ
LEADER 00423nam a2200157Ia 4500
001 CTU_81517
008 210402s9999 xx 000 0 und d
082 |a 664 
082 |b E92 
245 0 |a Evaluation of certain food additives 
260 |a Geneva 
260 |b World Health Organzation 
260 |c 1980 
650 |a Food additives 
904 |i Trọng Hải 
980 |a Trung tâm Học liệu Trường Đại học Cần Thơ